000 00714cam8a220020500 4500
001 qce02502734
005 20190816100547.0
008 840521s1947 enk 000 1 eng d
035 _a(Sirsi) r125546
035 _a(QCAT)lss04105882
035 _a(UPRA)qce02502734
040 _dUPRA
100 1 _aChesterton, G. K. (Gilbert Keith), 1874-1936.
_qChesterton, G. K. (Gilbert Keith), 1874-1936.
_dChesterton, G. K. (Gilbert Keith), 1874-1936.
_6A44621.1
245 1 4 _aThe man who was Thursday :
_ba nightmare /
_cG.K. Chesterton.
250 _a5th ed.
260 _aBristol [England] :
_bArrowsmith,
_c1947.
500 _aDust jacket.
949 _aPR4453.C4
_wlcc
_i-180244
_mMAIN
_tBOOK
_lON-SHELF
004 125546
999 _c85611
_d85611